| 000 | 00345 a2200157 4500 | ||
|---|---|---|---|
| 001 | 44364 | ||
| 020 | _a858648556X | ||
| 040 | _cAnchieta - Aquarius | ||
| 100 | _aCalmon, Edson | ||
| 240 | 1 | 0 |
_aUm livro do livro _lpor |
| 245 | 1 | 0 | _aUm livro do livro |
| 300 | _a[32p.] | ||
| 362 | 0 | _a1998 | |
| 650 | 4 | _aLiteratura infanto-juvenil | |
| 942 | _cBK | ||
| 999 |
_c44364 _d44364 |
||